| 000 | 00683nam a2200229Ia 4500 | ||
|---|---|---|---|
| 003 | GCL | ||
| 008 | 140319s9999 xx 000 0 ara d | ||
| 040 |
_aGCL / _cGCL |
||
| 082 | 0 | 4 |
_a796.4068 _bا ك |
| 100 | 1 | _aالبرت فور كاسل | |
| 245 | 1 | 0 |
_aكمال الاجسام / _cالبرت فور كاسل |
| 700 | 1 | _aمركز التعريب والبرمجة | |
| 260 |
_a[S.N] : _bالدار العربية للعلوم |
||
| 300 | _a308 ص | ||
| 490 | _a | ||
| 650 | 0 | 4 | _aتدريب |
| 650 | 0 | 4 | _aالالعاب الرياضية |
| 650 | 0 | 4 | _aالتدريب الرياضى |
| 650 | 0 | 4 | _aرفع الاثقال |
| 650 | 0 | 4 | _aكمال الاجسام |
| 942 |
_2ddc _cBK |
||
| 999 |
_c56201 _d56201 |
||